How to Boost Self-Confidence/ (Record no. 209463)
[ view plain ]
| 000 -LEADER | |
|---|---|
| fixed length control field | 00586nam a22001937a 4500 |
| 005 - DATE AND TIME OF LATEST TRANSACTION | |
| control field | 20250430152726.0 |
| 010 ## - LCCN (DPL NO) | |
| LC control number | ENG-144653 |
| 020 ## - INTERNATIONAL STANDARD BOOK NUMBER | |
| International Standard Book Number | 9789391766610 |
| Terms of availability | 495.00 |
| 035 ## - SYSTEM CONTROL NUMBER | |
| System control number | EN-128185 |
| 037 ## - SOURCE OF ACQUISITION | |
| Source of stock number/acquisition | DBAD |
| 082 ## - DEWEY DECIMAL CLASSIFICATION NUMBER | |
| Classification number | 158.4 |
| 100 ## - MAIN ENTRY--PERSONAL NAME | |
| Personal name | Sharma, Radhakrishnan |
| 245 ## - TITLE STATEMENT | |
| Title | How to Boost Self-Confidence/ |
| Statement of responsibility, etc | by Radhakrishnan Sharma |
| 250 ## - EDITION STATEMENT | |
| Edition statement | 1 |
| 260 ## - PUBLICATION, DISTRIBUTION, ETC. (IMPRINT) | |
| Place of publication, distribution, etc | New Delhi |
| Name of publisher, distributor, etc | Atharv Publications |
| Date of publication, distribution, etc | 2024 |
| 270 ## - ADDRESS | |
| Address | 110, 1st Floor, Gali No.4, Harphool Vihar, Bapraula |
| City | New Delhi |
| Postal code | 110043 |
| 300 ## - PHYSICAL DESCRIPTION | |
| Extent | 168p. |
| Dimensions | 22cm(Hb) |
| 942 ## - ADDED ENTRY ELEMENTS (KOHA) | |
| Source of classification or shelving scheme | Dewey Decimal Classification |
| Item type | English Books |
| Classification part | 158.4 |
| Call number suffix | SHA |
| Edition | 1 |
| Withdrawn status | Lost status | Not for loan | Collection code | Home library | Current library | Date acquired | Source of acquisition | Cost, normal purchase price | Full call number | Barcode | Copy number | Cost, replacement price | Koha item type |
|---|---|---|---|---|---|---|---|---|---|---|---|---|---|
| Non-fiction | Patel Nagar | Patel Nagar | 30/04/2025 | Delivery of Books Act Division | 495.00 | 158.4 SHA | EN-128185 | 1 | 495.00 | English Books |
